LIBRARY & INFORMATION CENTRE, KCAET, TAVANUR

ONLINE PUBLIC ACCESS CATALOGUE (OPAC)

Biochemmistry (Record no. 14530)

MARC details
000 -LEADER
fixed length control field 00267nam a22001217a 4500
020 ## - INTERNATIONAL STANDARD BOOK NUMBER
ISBN 9788180940040
082 ## - DEWEY DECIMAL CLASSIFICATION NUMBER
Classification number 574.192
Item number VEE/BI
100 ## - MAIN ENTRY--AUTHOR NAME
Personal name Veerakumari,L
245 ## - TITLE STATEMENT
Title Biochemmistry
260 ## - PUBLICATION, DISTRIBUTION, ETC. (IMPRINT)
Place of publication Chennai
Name of publisher MJP Publishers
Year of publication 2010
300 ## - PHYSICAL DESCRIPTION
Number of Pages 379
942 ## - ADDED ENTRY ELEMENTS (KOHA)
Koha item type Books
Holdings
Withdrawn status Lost status Damaged status Collection code Home library Current library Shelving location Date acquired Source of acquisition Cost, normal purchase price Full call number Accession Number Koha item type
        KAUAET KAUAET General Stacks 14/07/2016 Professional Book Centre, Kochin. 220.00 574.192 VEE/BI 24252 Books
free website counter